Godzilla Kaiju - Statistics

General Stats
  • This quiz has been taken 299 times
    291 since last reset
  • The average score is 35 of 65
Answer Stats
Picture Answer % Correct
Legendary Godzilla
99%
Shin Godzilla
99%
Space Godzilla
99%
Godzilla
98%
King Kong
97%
Legendary Mothra
97%
Mothra
96%
Legendary Kong
93%
Legendary Mechagodzilla
90%
Legendary Rodan
90%
Mechagodzilla
90%
Rodan
90%
King Ghidorah
88%
Legendary Ghidorah
88%
Scar King
88%
Biollante
80%
Gigan
80%
Zilla
78%
Jet Jaguar
77%
Female M.U.T.O
76%
Male M.U.T.O
76%
Anguirus
73%
Minilla
72%
Battra
71%
Hedorah
71%
Skullcrawler
71%
Megalon
69%
Ebirah
68%
Titanosaurus
65%
Orga
64%
Destoroyah
62%
Behemoth
60%
Godzilla Minus One
60%
Baragon
58%
Manda
58%
Gorosaurus
57%
Kumonga
56%
M.O.G.U.E.R.A
54%
Megaguirus
53%
M.U.T.O Prime
51%
Varan
49%
Kamacuras
47%
Gabara
45%
Warbat
43%
Mother Longlegs
33%
Methuselah
29%
Camazotz
21%
Sker Buffalo
21%
Mire Squid
19%
Hellhawk
17%
Leafwing
17%
Spore Mantis
16%
Frost Vark
14%
Kameobas
12%
Na Kika
12%
Death Jackal
10%
Magma Turtle
10%
Siren Jaw
10%
Foetodon
9%
Murderfish
8%
Icarus Tiger
7%
Mantleclaw
7%
Psychovulture
5%
Tiamit
2%
Scyalla
1%
No matching quizzes found
Score Distribution
Percent of People with Each Score
Percentile by Number Answered
Your Score History
You have not taken this quiz since the last reset